000 00532cam a2200205 4500
001 B1851
008 090401t1988 xxu||||| |||| 00| 0 eng d
035 _a(Sirsi) u46768
041 _aeng
050 _a693.5
100 _aCollins, R. J.
245 _aUpdate on assessment of high alumina cement concrete
260 _aGarston,Watford
_bBuilding Research Establishment
_c1988
300 _a(4)p. ; 30cm.
350 _a0
490 _aBRE Information Paper
_v8/88
700 _aGutt, W.
942 _n0
948 _c04/03/1997
999 _c91992
_d91992